[Event "ABC-4 2025 Groep B"]
[Site "Utrecht"]
[Date "2025.03.15"]
[Round "4.4"]
[White "Woldhuis, Marnik"]
[Black "Hylarides, Charlie Ronald"]
[Result "0-1"]
[WhiteFideId "8820218"]
[BlackFideId "9041758"]
[WhiteElo "1961"]
[BlackElo "1923"]

1. e4 {[%clk 00:55:19]} c6 {[%clk 00:55:10]} {[%emt 00:00:11]} 2. d4 {[%clk
00:55:25]} {[%emt 00:00:03]} d5 {[%clk 00:55:17]} {[%emt 00:00:03]} 3. Nc3
{[%clk 00:55:30]} {[%emt 00:00:05]} dxe4 {[%clk 00:55:21]} {[%emt 00:00:05]} 4.
Nxe4 {[%clk 00:55:35]} {[%emt 00:00:06]} Nf6 {[%clk 00:54:53]} {[%emt
00:00:38]} 5. Nxf6+ {[%clk 00:55:26]} {[%emt 00:00:19]} exf6 {[%clk 00:54:56]}
{[%emt 00:00:08]} 6. c3 {[%clk 00:55:33]} {[%emt 00:00:04]} Bd6 {[%clk
00:55:01]} {[%emt 00:00:05]} 7. Bd3 {[%clk 00:55:38]} {[%emt 00:00:05]} O-O
{[%clk 00:55:05]} {[%emt 00:00:06]} 8. Ne2 {[%clk 00:55:45]} {[%emt 00:00:03]}
Re8 {[%clk 00:54:15]} {[%emt 00:01:01]} 9. O-O {[%clk 00:55:46]} {[%emt
00:00:09]} Nd7 {[%clk 00:54:06]} {[%emt 00:00:19]} 10. Bf4 {[%clk 00:55:27]}
{[%emt 00:00:28]} Nf8 {[%clk 00:53:59]} {[%emt 00:00:17]} 11. Bxd6 {[%clk
00:54:40]} {[%emt 00:00:58]} Qxd6 {[%clk 00:54:05]} {[%emt 00:00:04]} 12. Qc2
{[%clk 00:54:33]} {[%emt 00:00:16]} Bd7 {[%clk 00:44:04]} {[%emt 00:10:11]} 13.
Rae1 {[%clk 00:54:04]} {[%emt 00:00:37]} Rac8 {[%clk 00:43:57]} {[%emt
00:00:19]} 14. Ng3 {[%clk 00:53:25]} {[%emt 00:00:48]} Be6 {[%clk 00:36:15]}
{[%emt 00:07:54]} 15. Ne4 {[%clk 00:52:02]} {[%emt 00:01:32]} Qd5 {[%clk
00:34:57]} {[%emt 00:01:30]} 16. Re3 {[%clk 00:51:02]} {[%emt 00:01:09]} f5
{[%clk 00:34:05]} {[%emt 00:01:02]} 17. Nc5 {[%clk 00:49:25]} {[%emt 00:01:47]}
f4 {[%clk 00:29:40]} {[%emt 00:04:36]} 18. Re5 {[%clk 00:48:31]} {[%emt
00:01:03]} Qd8 {[%clk 00:24:59]} {[%emt 00:04:51]} 19. Nxb7 {[%clk 00:47:57]}
{[%emt 00:00:44]} Qh4 {[%clk 00:24:10]} {[%emt 00:01:00]} 20. Nd6 {[%clk
00:46:13]} {[%emt 00:01:54]} f3 {[%clk 00:22:58]} {[%emt 00:01:22]} 21. Nxc8
{[%clk 00:43:34]} {[%emt 00:02:49]} Qg4 {[%clk 00:22:26]} {[%emt 00:00:41]} 22.
Rg5 {[%clk 00:41:04]} {[%emt 00:02:42]} Qxg5 {[%clk 00:22:30]} {[%emt
00:00:06]} 23. g3 {[%clk 00:41:09]} {[%emt 00:00:05]} Qg4 {[%clk 00:15:39]}
{[%emt 00:07:00]} 24. Re1 {[%clk 00:40:13]} {[%emt 00:01:05]} Rxc8 {[%clk
00:15:04]} {[%emt 00:00:47]} 25. Re4 {[%clk 00:40:04]} {[%emt 00:00:18]} Qg5
{[%clk 00:14:10]} {[%emt 00:01:04]} 26. Rf4 {[%clk 00:38:21]} {[%emt 00:01:54]}
Re8 {[%clk 00:11:42]} {[%emt 00:02:38]} 27. Rxf3 {[%clk 00:37:08]} {[%emt
00:01:23]} Bd5 {[%clk 00:11:38]} {[%emt 00:00:13]} 28. h4 {[%clk 00:37:14]}
{[%emt 00:00:04]} Re1+ {[%clk 00:10:42]} {[%emt 00:01:06]} 29. Bf1 {[%clk
00:36:52]} {[%emt 00:00:31]} Qg4 {[%clk 00:10:31]} {[%emt 00:00:22]} 30. Re3
{[%clk 00:35:48]} {[%emt 00:01:14]} Qh3 {[%clk 00:10:19]} {[%emt 00:00:22]} 0-1

[Event "ABC-4 2025 Groep B"]
[Site "Utrecht"]
[Date "2025.03.15"]
[Round "4.5"]
[White "Ngangbam, Chingthang"]
[Black "Kolijn, David"]
[Result "0-1"]
[WhiteFideId "8869729"]
[BlackFideId "8881345"]
[WhiteElo "1920"]
[BlackElo "1900"]

1. e4 {[%clk 00:55:14]} {[%emt 00:00:05]} c5 {[%clk 00:55:14]} {[%emt
00:00:07]} 2. Nf3 {[%clk 00:55:17]} {[%emt 00:00:07]} Nc6 {[%clk 00:55:18]}
{[%emt 00:00:05]} 3. d4 {[%clk 00:55:23]} {[%emt 00:00:05]} cxd4 {[%clk
00:55:23]} {[%emt 00:00:05]} 4. Nxd4 {[%clk 00:55:28]} {[%emt 00:00:05]} e5
{[%clk 00:55:25]} {[%emt 00:00:08]} 5. Nb5 {[%clk 00:55:23]} {[%emt 00:00:14]}
d6 {[%clk 00:55:30]} {[%emt 00:00:05]} 6. c4 {[%clk 00:55:14]} {[%emt
00:00:19]} Be6 {[%clk 00:55:24]} {[%emt 00:00:15]} 7. N1c3 {[%clk 00:55:07]}
{[%emt 00:00:17]} a6 {[%clk 00:55:28]} {[%emt 00:00:07]} 8. Na3 {[%clk
00:55:14]} {[%emt 00:00:03]} g6 {[%clk 00:55:29]} {[%emt 00:00:08]} 9. Be3
{[%clk 00:54:19]} {[%emt 00:01:04]} Bg7 {[%clk 00:55:26]} {[%emt 00:00:14]} 10.
Nc2 {[%clk 00:53:37]} {[%emt 00:00:52]} Nf6 {[%clk 00:55:29]} {[%emt 00:00:07]}
11. Be2 {[%clk 00:53:26]} {[%emt 00:00:21]} O-O {[%clk 00:55:32]} {[%emt
00:00:07]} 12. Qd2 {[%clk 00:53:25]} {[%emt 00:00:12]} Qd7 {[%clk 00:43:50]}
{[%emt 00:11:51]} 13. f3 {[%clk 00:51:47]} {[%emt 00:01:47]} Rac8 {[%clk
00:43:10]} {[%emt 00:00:51]} 14. Nd5 {[%clk 00:43:38]} {[%emt 00:08:20]} Bxd5
{[%clk 00:42:57]} {[%emt 00:00:22]} 15. exd5 {[%clk 00:43:41]} {[%emt
00:00:07]} Ne7 {[%clk 00:42:33]} {[%emt 00:00:34]} 16. b4 {[%clk 00:43:11]}
{[%emt 00:00:41]} b5 {[%clk 00:33:33]} {[%emt 00:09:10]} 17. c5 {[%clk
00:31:07]} {[%emt 00:12:14]} Nexd5 {[%clk 00:29:38]} {[%emt 00:04:04]} 18. cxd6
{[%clk 00:30:29]} {[%emt 00:00:49]} Rxc2 {[%clk 00:29:11]} {[%emt 00:00:37]} 19.
Qxc2 {[%clk 00:30:31]} {[%emt 00:00:07]} Nxe3 {[%clk 00:29:16]} {[%emt
00:00:05]} 20. Qc5 {[%clk 00:27:08]} {[%emt 00:03:32]} Nxg2+ {[%clk 00:23:04]}
{[%emt 00:06:22]} 21. Kf2 {[%clk 00:26:32]} {[%emt 00:00:45]} Rc8 {[%clk
00:15:01]} {[%emt 00:08:14]} 22. Kxg2 {[%clk 00:21:16]} {[%emt 00:05:26]} Rxc5
{[%clk 00:14:57]} {[%emt 00:00:13]} 23. bxc5 {[%clk 00:21:24]} {[%emt
00:00:03]} Nd5 {[%clk 00:13:44]} {[%emt 00:01:22]} 24. Rac1 {[%clk 00:20:47]}
{[%emt 00:00:47]} Qc6 {[%clk 00:13:13]} {[%emt 00:00:42]} 25. Kf2 {[%clk
00:20:13]} {[%emt 00:00:43]} Bh6 {[%clk 00:12:33]} {[%emt 00:00:50]} 26. Rc2
{[%clk 00:19:47]} {[%emt 00:00:36]} Be3+ {[%clk 00:11:59]} {[%emt 00:00:44]} 27.
Kg3 {[%clk 00:19:43]} {[%emt 00:00:13]} f5 {[%clk 00:10:42]} {[%emt 00:01:28]}
28. Rd1 {[%clk 00:19:13]} {[%emt 00:00:39]} f4+ {[%clk 00:09:46]} {[%emt
00:01:07]} 29. Kh3 {[%clk 00:18:20]} {[%emt 00:01:03]} Bd4 {[%clk 00:06:30]}
{[%emt 00:03:25]} 30. a4 {[%clk 00:12:38]} {[%emt 00:05:53]} Qd7+ {[%clk
00:05:05]} {[%emt 00:01:35]} 31. Kg2 {[%clk 00:12:18]} {[%emt 00:00:29]} Ne3+
{[%clk 00:05:04]} {[%emt 00:00:11]} 32. Kh1 {[%clk 00:12:17]} {[%emt 00:00:11]}
Nxc2 {[%clk 00:05:01]} {[%emt 00:00:14]} 33. axb5 {[%clk 00:11:54]} {[%emt
00:00:33]} axb5 {[%clk 00:04:33]} {[%emt 00:00:39]} 34. Rb1 {[%clk 00:11:47]}
{[%emt 00:00:16]} Na3 {[%clk 00:03:58]} {[%emt 00:00:44]} 35. Rc1 {[%clk
00:11:46]} {[%emt 00:00:11]} Qc6 {[%clk 00:03:09]} {[%emt 00:00:59]} 0-1

[Event "ABC-4 2025 Groep B"]
[Site "Utrecht"]
[Date "2025.03.15"]
[Round "4.6"]
[White "Frederiks, Jesse"]
[Black "Hallibert, Emilien"]
[Result "1/2-1/2"]
[WhiteFideId "8829810"]
[BlackFideId "8872523"]
[WhiteElo "1887"]
[BlackElo "2003"]

1. e4 {[%clk 00:55:08]} {[%emt 00:00:11]} c6 {[%clk 00:55:16]} {[%emt
00:00:04]} 2. d4 {[%clk 00:54:50]} {[%emt 00:00:29]} d5 {[%clk 00:55:16]}
{[%emt 00:00:11]} 3. Nc3 {[%clk 00:54:29]} {[%emt 00:00:31]} dxe4 {[%clk
00:55:22]} {[%emt 00:00:04]} 4. Nxe4 {[%clk 00:54:32]} {[%emt 00:00:07]} Nd7
{[%clk 00:55:32]} 5. Nf3 {[%clk 00:52:01]} {[%emt 00:02:41]} Ngf6 {[%clk
00:55:38]} {[%emt 00:00:05]} 6. Nxf6+ {[%clk 00:50:36]} {[%emt 00:01:35]} Nxf6
{[%clk 00:55:29]} {[%emt 00:00:18]} 7. Bd3 {[%clk 00:50:05]} {[%emt 00:00:40]}
Bg4 {[%clk 00:55:11]} {[%emt 00:00:28]} 8. c3 {[%clk 00:49:20]} {[%emt
00:00:55]} e6 {[%clk 00:54:46]} {[%emt 00:00:35]} 9. Be3 {[%clk 00:46:35]}
{[%emt 00:02:55]} Be7 {[%clk 00:51:13]} {[%emt 00:03:45]} 10. h3 {[%clk
00:44:48]} {[%emt 00:01:56]} Bh5 {[%clk 00:50:59]} {[%emt 00:00:24]} 11. Qe2
{[%clk 00:44:44]} {[%emt 00:00:15]} Qc7 {[%clk 00:45:13]} {[%emt 00:05:56]} 12.
O-O-O {[%clk 00:40:24]} {[%emt 00:04:29]} a6 {[%clk 00:41:59]} {[%emt
00:03:25]} 13. g4 {[%clk 00:39:04]} {[%emt 00:01:29]} Bg6 {[%clk 00:41:56]}
{[%emt 00:00:12]} 14. Ne5 {[%clk 00:34:26]} {[%emt 00:04:48]} Bd6 {[%clk
00:38:34]} {[%emt 00:03:32]} 15. f4 {[%clk 00:20:28]} {[%emt 00:14:09]} Bxd3
{[%clk 00:38:03]} {[%emt 00:00:41]} 16. Qxd3 {[%clk 00:19:03]} {[%emt
00:01:35]} Nd5 {[%clk 00:36:27]} {[%emt 00:01:47]} 17. Rhf1 {[%clk 00:17:10]}
{[%emt 00:02:02]} f6 {[%clk 00:33:05]} {[%emt 00:03:32]} 18. Nc4 {[%clk
00:15:25]} {[%emt 00:01:54]} Bxf4 {[%clk 00:31:29]} {[%emt 00:01:46]} 19. Bxf4
{[%clk 00:15:27]} {[%emt 00:00:08]} Nxf4 {[%clk 00:31:35]} {[%emt 00:00:05]} 20.
Qe4 {[%clk 00:14:58]} {[%emt 00:00:37]} g5 {[%clk 00:30:42]} {[%emt 00:01:05]}
21. Kb1 {[%clk 00:12:28]} {[%emt 00:02:41]} O-O-O {[%clk 00:29:58]} {[%emt
00:00:53]} 22. Ne3 {[%clk 00:07:19]} {[%emt 00:05:18]} Rde8 {[%clk 00:25:25]}
{[%emt 00:04:44]} 23. Ng2 {[%clk 00:06:52]} {[%emt 00:00:36]} Nxg2 {[%clk
00:25:20]} {[%emt 00:00:16]} 24. Qxg2 {[%clk 00:07:00]} {[%emt 00:00:01]} Qf7
{[%clk 00:23:43]} {[%emt 00:01:47]} 25. Rf3 {[%clk 00:06:04]} {[%emt 00:01:06]}
Qg6+ {[%clk 00:23:37]} {[%emt 00:00:17]} 26. Qc2 {[%clk 00:05:53]} {[%emt
00:00:21]} Qg7 {[%clk 00:20:20]} {[%emt 00:03:26]} 27. Rdf1 {[%clk 00:05:55]}
{[%emt 00:00:08]} Rhf8 {[%clk 00:19:37]} {[%emt 00:00:53]} 28. Qf2 {[%clk
00:05:34]} {[%emt 00:00:32]} Qg6+ {[%clk 00:18:52]} {[%emt 00:00:56]} 29. Ka1
{[%clk 00:04:30]} {[%emt 00:01:13]} f5 {[%clk 00:18:35]} {[%emt 00:00:27]} 30.
gxf5 {[%clk 00:04:36]} {[%emt 00:00:04]} exf5 {[%clk 00:18:09]} {[%emt
00:00:36]} 31. a3 {[%clk 00:04:17]} {[%emt 00:00:30]} f4 {[%clk 00:18:08]}
{[%emt 00:00:11]} 32. Qg2 {[%clk 00:04:12]} {[%emt 00:00:15]} h5 {[%clk
00:17:10]} {[%emt 00:01:08]} 33. h4 {[%clk 00:03:22]} {[%emt 00:01:00]} g4
{[%clk 00:16:37]} {[%emt 00:00:43]} 34. Rxf4 {[%clk 00:03:28]} {[%emt
00:00:04]} Rxf4 {[%clk 00:16:22]} {[%emt 00:00:26]} 35. Rxf4 {[%clk 00:03:37]}
Re1+ {[%clk 00:16:17]} {[%emt 00:00:14]} 36. Ka2 {[%clk 00:03:46]} {[%emt
00:00:01]} Qe6+ {[%clk 00:12:41]} {[%emt 00:03:46]} 37. d5 {[%clk 00:03:41]}
{[%emt 00:00:15]} Qxd5+ {[%clk 00:12:40]} {[%emt 00:00:12]} 38. Qxd5 {[%clk
00:03:48]} {[%emt 00:00:03]} cxd5 {[%clk 00:12:49]} 39. Rf5 {[%clk 00:03:48]}
{[%emt 00:00:09]} Re8 {[%clk 00:11:04]} {[%emt 00:01:54]} 40. Rxh5 {[%clk
00:03:22]} {[%emt 00:00:37]} Rg8 {[%clk 00:11:10]} {[%emt 00:00:03]} 41. Rxd5
{[%clk 00:03:28]} {[%emt 00:00:03]} g3 {[%clk 00:11:14]} {[%emt 00:00:07]} 42.
Rd1 {[%clk 00:03:37]} {[%emt 00:00:01]} g2 {[%clk 00:10:46]} {[%emt 00:00:38]}
43. Rg1 {[%clk 00:03:46]} Kd7 {[%clk 00:10:55]} 44. h5 {[%clk 00:03:51]} {[%emt
00:00:06]} Ke6 {[%clk 00:10:26]} {[%emt 00:00:39]} 45. h6 {[%clk 00:04:00]} Kd6
{[%clk 00:10:13]} {[%emt 00:00:23]} 46. h7 {[%clk 00:04:04]} {[%emt 00:00:06]}
Rh8 {[%clk 00:10:22]} {[%emt 00:00:01]} 47. Rxg2 {[%clk 00:04:13]} {[%emt
00:00:02]} Rxh7 {[%clk 00:10:30]} {[%emt 00:00:02]} 48. Kb3 {[%clk 00:04:07]}
{[%emt 00:00:15]} Kc6 {[%clk 00:10:34]} {[%emt 00:00:06]} 49. Rg6+ {[%clk
00:04:14]} {[%emt 00:00:03]} Kc7 {[%clk 00:10:43]} {[%emt 00:00:01]} 50. Rg4
{[%clk 00:04:08]} {[%emt 00:00:16]} Rh2 {[%clk 00:10:01]} {[%emt 00:00:51]} 51.
Rg3 {[%clk 00:04:01]} {[%emt 00:00:18]} Rf2 {[%clk 00:10:05]} {[%emt 00:00:05]}
52. c4 {[%clk 00:04:02]} {[%emt 00:00:09]} b6 {[%clk 00:10:05]} {[%emt
00:00:11]} 53. Kc3 {[%clk 00:03:45]} {[%emt 00:00:26]} Rf6 {[%clk 00:10:08]}
{[%emt 00:00:07]} 54. b4 {[%clk 00:03:46]} {[%emt 00:00:10]} Rh6 {[%clk
00:09:57]} {[%emt 00:00:21]} 55. a4 {[%clk 00:03:19]} {[%emt 00:00:37]} Rh5
{[%clk 00:09:43]} {[%emt 00:00:24]} 56. Rd3 {[%clk 00:02:20]} {[%emt 00:01:10]}
Rg5 {[%clk 00:08:59]} {[%emt 00:00:54]} 57. Rh3 {[%clk 00:02:05]} {[%emt
00:00:24]} Rg7 {[%clk 00:08:27]} {[%emt 00:00:42]} 58. a5 {[%clk 00:01:32]}
{[%emt 00:00:43]} bxa5 {[%clk 00:07:06]} {[%emt 00:01:30]} 59. bxa5 {[%clk
00:01:37]} {[%emt 00:00:05]} Kb7 {[%clk 00:05:47]} {[%emt 00:01:29]} 60. Rh5
{[%clk 00:01:21]} {[%emt 00:00:26]} Ka7 {[%clk 00:05:32]} {[%emt 00:00:25]} 61.
Kb4 {[%clk 00:01:07]} {[%emt 00:00:24]} Rg4 {[%clk 00:05:08]} {[%emt 00:00:33]}
62. Kc5 {[%clk 00:01:06]} {[%emt 00:00:12]} Kb7 {[%clk 00:05:16]} {[%emt
00:00:01]} 63. Rh7+ {[%clk 00:00:51]} {[%emt 00:00:24]} Kb8 {[%clk 00:05:25]}
{[%emt 00:00:01]} 64. Rd7 {[%clk 00:00:45]} {[%emt 00:00:15]} Rg5+ {[%clk
00:04:22]} {[%emt 00:01:14]} 65. Rd5 {[%clk 00:00:54]} {[%emt 00:00:02]} Rg4
{[%clk 00:04:31]} 66. Rd4 {[%clk 00:00:32]} {[%emt 00:00:32]} Rg5+ {[%clk
00:04:36]} {[%emt 00:00:05]} 67. Rd5 {[%clk 00:00:41]} Rg4 {[%clk 00:04:28]}
{[%emt 00:00:18]} 68. Rh5 {[%clk 00:00:48]} {[%emt 00:00:03]} Kb7 {[%clk
00:04:25]} {[%emt 00:00:13]} 69. Kd5 {[%clk 00:00:48]} {[%emt 00:00:09]} Rg1
{[%clk 00:04:21]} {[%emt 00:00:15]} 70. Rh7+ {[%clk 00:00:31]} {[%emt
00:00:27]} Kb8 {[%clk 00:04:30]} 71. Kc5 {[%clk 00:00:35]} {[%emt 00:00:04]}
Rg5+ {[%clk 00:04:35]} {[%emt 00:00:06]} 72. Kb4 {[%clk 00:00:37]} {[%emt
00:00:08]} Rg4 {[%clk 00:04:41]} {[%emt 00:00:05]} 1/2-1/2

[Event "ABC-4 2025 Groep B"]
[Site "Utrecht"]
[Date "2025.03.15"]
[Round "4.7"]
[White "Van Haaften, Jelle"]
[Black "Kshirsagar, Pranav"]
[Result "0-1"]
[WhiteFideId "8687283"]
[BlackFideId "8887615"]
[WhiteElo "1843"]
[BlackElo "2161"]

1. c4 {[%clk 00:55:17]} {[%emt 00:00:02]} e5 {[%clk 00:55:17]} {[%emt
00:00:05]} 2. Nc3 {[%clk 00:55:22]} {[%emt 00:00:04]} Nf6 {[%clk 00:55:24]}
{[%emt 00:00:04]} 3. g3 {[%clk 00:55:26]} {[%emt 00:00:06]} Nc6 {[%clk
00:55:08]} {[%emt 00:00:26]} 4. Bg2 {[%clk 00:55:30]} {[%emt 00:00:05]} Bc5
{[%clk 00:54:52]} {[%emt 00:00:26]} 5. e3 {[%clk 00:55:21]} {[%emt 00:00:19]}
O-O {[%clk 00:52:56]} {[%emt 00:02:06]} 6. Nge2 {[%clk 00:55:25]} {[%emt
00:00:05]} Re8 {[%clk 00:52:03]} {[%emt 00:01:04]} 7. O-O {[%clk 00:55:27]}
{[%emt 00:00:08]} a6 {[%clk 00:37:33]} {[%emt 00:14:41]} 8. d4 {[%clk
00:55:17]} {[%emt 00:00:18]} Ba7 {[%clk 00:37:12]} {[%emt 00:00:32]} 9. b3
{[%clk 00:54:37]} {[%emt 00:00:49]} d6 {[%clk 00:36:23]} {[%emt 00:00:59]} 10.
h3 {[%clk 00:54:40]} {[%emt 00:00:06]} Rb8 {[%clk 00:34:28]} {[%emt 00:02:06]}
11. Bb2 {[%clk 00:52:13]} {[%emt 00:02:37]} exd4 {[%clk 00:32:47]} {[%emt
00:01:51]} 12. exd4 {[%clk 00:51:04]} {[%emt 00:01:18]} Bd7 {[%clk 00:31:58]}
{[%emt 00:01:00]} 13. Qd2 {[%clk 00:48:10]} {[%emt 00:03:04]} b5 {[%clk
00:30:50]} {[%emt 00:01:18]} 14. cxb5 {[%clk 00:42:35]} {[%emt 00:05:45]} axb5
{[%clk 00:30:54]} {[%emt 00:00:06]} 15. d5 {[%clk 00:42:16]} {[%emt 00:00:28]}
Ne5 {[%clk 00:30:03]} {[%emt 00:01:02]} 16. Nd4 {[%clk 00:42:09]} {[%emt
00:00:17]} Bxd4 {[%clk 00:27:49]} {[%emt 00:02:25]} 17. Qxd4 {[%clk 00:40:26]}
{[%emt 00:01:52]} Bxh3 {[%clk 00:27:51]} {[%emt 00:00:08]} 18. Rfe1 {[%clk
00:39:28]} {[%emt 00:01:09]} Bxg2 {[%clk 00:26:30]} {[%emt 00:01:30]} 19. Kxg2
{[%clk 00:39:35]} {[%emt 00:00:02]} Qd7 {[%clk 00:21:09]} {[%emt 00:05:32]} 20.
f4 {[%clk 00:38:59]} {[%emt 00:00:47]} Neg4 {[%clk 00:20:37]} {[%emt 00:00:42]}
21. Ne4 {[%clk 00:37:38]} {[%emt 00:01:29]} Qf5 {[%clk 00:19:44]} {[%emt
00:01:04]} 22. Nxf6+ {[%clk 00:35:09]} {[%emt 00:02:39]} Nxf6 {[%clk 00:19:35]}
{[%emt 00:00:20]} 23. Red1 {[%clk 00:30:51]} {[%emt 00:04:27]} Re2+ {[%clk
00:18:49]} {[%emt 00:00:56]} 24. Kf1 {[%clk 00:30:29]} {[%emt 00:00:32]} Rbe8
{[%clk 00:18:43]} {[%emt 00:00:16]} 25. g4 {[%clk 00:29:02]} {[%emt 00:01:38]}
Qxg4 {[%clk 00:18:38]} {[%emt 00:00:16]} 0-1

[Event "ABC-4 2025 Groep B"]
[Site "Utrecht"]
[Date "2025.03.15"]
[Round "4.8"]
[White "Deij, Casper"]
[Black "Ten Kate, Gustav"]
[Result "1-0"]
[WhiteFideId "8844990"]
[BlackFideId "8873337"]
[WhiteElo "1673"]
[BlackElo "2092"]

1. e4 {[%clk 00:55:17]} {[%emt 00:00:02]} c5 {[%clk 00:55:15]} {[%emt
00:00:05]} 2. Nf3 {[%clk 00:55:21]} {[%emt 00:00:06]} d6 {[%clk 00:55:22]}
{[%emt 00:00:03]} 3. d4 {[%clk 00:55:27]} {[%emt 00:00:04]} cxd4 {[%clk
00:55:29]} {[%emt 00:00:04]} 4. Nxd4 {[%clk 00:55:34]} {[%emt 00:00:04]} Nf6
{[%clk 00:55:34]} {[%emt 00:00:04]} 5. Nc3 {[%clk 00:55:41]} {[%emt 00:00:04]}
g6 {[%clk 00:55:29]} {[%emt 00:00:15]} 6. Be3 {[%clk 00:55:37]} {[%emt
00:00:14]} Bg7 {[%clk 00:55:35]} {[%emt 00:00:04]} 7. Be2 {[%clk 00:55:43]}
{[%emt 00:00:05]} Nc6 {[%clk 00:55:39]} {[%emt 00:00:05]} 8. O-O {[%clk
00:55:48]} {[%emt 00:00:04]} O-O {[%clk 00:55:39]} {[%emt 00:00:10]} 9. f4
{[%clk 00:55:21]} {[%emt 00:00:37]} Qb6 {[%clk 00:53:15]} {[%emt 00:02:34]} 10.
Na4 {[%clk 00:49:50]} {[%emt 00:05:41]} Qa5 {[%clk 00:52:18]} {[%emt 00:01:06]}
11. Nxc6 {[%clk 00:49:05]} {[%emt 00:00:56]} bxc6 {[%clk 00:52:09]} {[%emt
00:00:18]} 12. Nc3 {[%clk 00:47:54]} {[%emt 00:01:22]} Ba6 {[%clk 00:50:38]}
{[%emt 00:01:41]} 13. Bxa6 {[%clk 00:43:18]} {[%emt 00:04:45]} Qxa6 {[%clk
00:50:43]} {[%emt 00:00:05]} 14. Qd3 {[%clk 00:41:35]} {[%emt 00:01:53]} Qb7
{[%clk 00:50:08]} {[%emt 00:00:44]} 15. Rab1 {[%clk 00:39:55]} {[%emt
00:01:51]} a5 {[%clk 00:47:51]} {[%emt 00:02:27]} 16. e5 {[%clk 00:37:16]}
{[%emt 00:02:48]} dxe5 {[%clk 00:46:33]} {[%emt 00:01:28]} 17. fxe5 {[%clk
00:35:55]} {[%emt 00:01:32]} Ng4 {[%clk 00:42:02]} {[%emt 00:04:41]} 18. Bd4
{[%clk 00:33:04]} {[%emt 00:03:02]} Rad8 {[%clk 00:38:33]} {[%emt 00:03:38]} 19.
Qe4 {[%clk 00:31:39]} {[%emt 00:01:34]} Qb4 {[%clk 00:36:52]} {[%emt 00:01:53]}
20. Ne2 {[%clk 00:29:02]} {[%emt 00:02:47]} Bxe5 {[%clk 00:30:15]} {[%emt
00:06:48]} 21. c3 {[%clk 00:28:20]} {[%emt 00:00:52]} f5 {[%clk 00:21:41]}
{[%emt 00:08:44]} 22. Qxe5 {[%clk 00:25:47]} {[%emt 00:02:43]} Nxe5 {[%clk
00:19:00]} {[%emt 00:02:51]} 23. cxb4 {[%clk 00:25:45]} {[%emt 00:00:11]} Nd7
{[%clk 00:19:06]} {[%emt 00:00:04]} 24. bxa5 {[%clk 00:25:38]} {[%emt
00:00:17]} Nb8 {[%clk 00:18:38]} {[%emt 00:00:38]} 25. Bc5 {[%clk 00:21:48]}
{[%emt 00:04:00]} Rd5 {[%clk 00:18:15]} {[%emt 00:00:34]} 26. Bb6 {[%clk
00:20:34]} {[%emt 00:01:24]} Kf7 {[%clk 00:17:18]} {[%emt 00:01:07]} 27. Rfd1
{[%clk 00:20:12]} {[%emt 00:00:31]} Na6 {[%clk 00:16:49]} {[%emt 00:00:39]} 28.
a3 {[%clk 00:19:55]} {[%emt 00:00:27]} e5 {[%clk 00:16:06]} {[%emt 00:00:53]}
29. Nc3 {[%clk 00:19:13]} {[%emt 00:00:51]} Rxd1+ {[%clk 00:16:10]} {[%emt
00:00:07]} 30. Rxd1 {[%clk 00:19:19]} {[%emt 00:00:04]} Ke7 {[%clk 00:15:58]}
{[%emt 00:00:22]} 31. Na4 {[%clk 00:18:36]} {[%emt 00:00:53]} Ke6 {[%clk
00:15:41]} {[%emt 00:00:28]} 32. Nc5+ {[%clk 00:18:17]} {[%emt 00:00:28]} Nxc5
{[%clk 00:15:47]} {[%emt 00:00:04]} 33. Bxc5 {[%clk 00:18:24]} {[%emt
00:00:04]} Rb8 {[%clk 00:15:49]} {[%emt 00:00:07]} 34. b4 {[%clk 00:18:24]}
{[%emt 00:00:11]} e4 {[%clk 00:15:50]} {[%emt 00:00:09]} 35. Rd6+ {[%clk
00:17:36]} {[%emt 00:00:58]} Ke5 {[%clk 00:15:55]} {[%emt 00:00:05]} 36. a6
{[%clk 00:16:01]} {[%emt 00:01:45]} f4 {[%clk 00:16:01]} {[%emt 00:00:04]} 37.
a7 {[%clk 00:15:57]} {[%emt 00:00:14]} Ra8 {[%clk 00:16:09]} {[%emt 00:00:03]}
38. Rxc6 {[%clk 00:15:59]} {[%emt 00:00:07]} e3 {[%clk 00:16:15]} {[%emt
00:00:04]} 39. Kf1 {[%clk 00:15:41]} {[%emt 00:00:28]} Rd8 {[%clk 00:16:15]}
{[%emt 00:00:10]} 40. Rd6 {[%clk 00:14:53]} {[%emt 00:00:58]} Ra8 {[%clk
00:16:22]} {[%emt 00:00:03]} 41. Rd7 {[%clk 00:14:41]} {[%emt 00:00:22]} Ke4
{[%clk 00:16:17]} {[%emt 00:00:15]} 42. Ke2 {[%clk 00:14:13]} {[%emt 00:00:38]}
g5 {[%clk 00:16:16]} {[%emt 00:00:10]} 43. Rb7 {[%emt 00:00:36]} Rd8 {[%clk
00:16:17]} 44. Rb8 {[%clk 00:12:55]} {[%emt 00:01:11]} Rd2+ {[%clk 00:16:17]}
{[%emt 00:00:10]} 45. Ke1 {[%clk 00:13:02]} {[%emt 00:00:03]} 1-0